Manchester United - Chelsea 2015-2016 - Statistics

General Stats
  • This quiz has been taken 281 times
  • The average score is 18 of 29
Answer Stats
Answer % Correct
David De Gea
94%
Eden Hazard
87%
Wayne Rooney
86%
John Terry
84%
Chris Smalling
82%
Thibaut Courtois
82%
Willian
79%
Juan Mata
77%
César Azpilicueta
74%
Nemanja Matic
73%
Branislav Ivanovic
72%
Anthony Martial
70%
Louis Van Gaal
68%
Oscar
68%
Phil Jones
68%
Ashley Young
66%
Pedro
66%
Daley Blind
58%
John Obi Mikel
57%
Kurt Zouma
57%
Ander Herrera
56%
Ramires
54%
Mateo Darmian
49%
B. Schweinsteiger
44%
Memphis Depay
44%
Morgan Schneiderlin
44%
Guus Hiddink
42%
Ruben Loftus-Cheek
20%
C. Borthwick-Jackson
15%
No matching quizzes found
Score Distribution
Percent of People with Each Score
Percentile by Number Answered
Your Score History
You have not taken this quiz